Des célébrités portant les initiales B - Statistiques

Statistiques générales
  • Ce quiz a été pris 124 fois
  • Le résultat moyen est 10 sur 24
Statistiques - réponses
Code Indice Célébrité % Correct
BG Co-fondateur de Microsoft et philanthrope. Bill Gates
87%
BB Icône du cinéma français et militante pour la cause animale. Brigitte Bardot
86%
BO 44ᵉ président des États-Unis (2009–2017). Barack Obama
84%
BL Maître d’arts martiaux et star du cinéma d’action. Bruce Lee
78%
BS Superstar pop américaine (…Baby One More Time). Britney Spears
69%
BC Acteur/réalisateur américain (A Star Is Born). Bradley Cooper
66%
BW Acteur américain emblématique (Die Hard) Bruce Willis
63%
BX Pape émérite de l’Église catholique, élu en 2005 et pape jusqu’en 2013 Benoît XVI
60%
BJ Homme politique britannique, ancien Premier ministre. Boris Johnson
56%
BP Acteur américain, star mondiale du cinéma. Brad Pitt
51%
BT Homme d’affaires et figure médiatique française. Bernard Tapie
37%
BE Chanteuse américaine, phénomène pop des années 2010–2020. Billie Eilish
31%
BI Fille célèbre de Beyoncé et Jay-Z Blue Ivy
31%
BV Auteur, musicien et icône culturelle française. Boris Vian
31%
BA Acteur et réalisateur américain (Argo, Good Will Hunting). Ben Affleck
28%
BD Légende américaine de la musique folk et rock Bob Dylan
25%
BM Chanteur / showman américain (tubes pop/R&B). Bruno Mars
25%
BK Acteur oscarisé pour Gandhi. Ben Kingsley
17%
BH Légendaire chanteuse de jazz. Billie Holiday
17%
BF Champion du monde d’échecs (icône des échecs au XXᵉ siècle). Bobby Fischer
13%
BZ Acteur connu (ex. Titanic). Billy Zane
10%
BR Peintre et animateur TV célèbre pour son émission de peinture. Bob Ross
7%
BU Acteur américain connu (séries et cinéma). Blair Underwood
0%
BN Homme politique russe connu internationalement. Boris Nemtsov
0%
Aucun quiz correspondant
Distribution des résultats
% des personnes avec chaque résultat
Percentile par nombre de réponses
Votre historique - résultats
Vous n’avez pas pris ce quiz